LEADER 03138nam 22006494a 450 001 9910454822503321 005 20200520144314.0 010 $a1-280-35106-3 010 $a9786610351060 010 $a0-7879-5998-7 035 $a(CKB)111004366779266 035 $a(EBL)120505 035 $a(OCoLC)137281328 035 $a(SSID)ssj0000161105 035 $a(PQKBManifestationID)11163419 035 $a(PQKBTitleCode)TC0000161105 035 $a(PQKBWorkID)10190638 035 $a(PQKB)11181356 035 $a(MiAaPQ)EBC120505 035 $a(Au-PeEL)EBL120505 035 $a(CaPaEBR)ebr10001709 035 $a(CaONFJC)MIL35106 035 $a(EXLCZ)99111004366779266 100 $a20001024d2001 uy 0 101 0 $aeng 135 $aur|n|---||||| 181 $ctxt 182 $cc 183 $acr 200 00$aGender equity or bust!$b[electronic resource] $eon the road to campus leadership with women in higher education /$fMary Dee Wenniger, Mary Helen Conroy ; foreword by Lesley A. Diehl 205 $a1st ed. 210 $aSan Francisco $cJossey-Bass Publishers$dc2001 215 $a1 online resource (335 p.) 225 1 $aThe Jossey-Bass higher and adult education series 300 $aDescription based upon print version of record. 311 $a0-7879-5284-2 320 $aIncludes bibliographical references (p. 291-292) and index. 327 $aGender Equity or Bust!; Contents; Foreword; Preface; Bill of Rights for Women in Higher Education; Abbreviations; The Editors; 1. Current Road Conditions for Women Drivers; 2. In the Driver's Seat: Women as Leaders; 3. Driver's Ed: Developing Leadership Skills; 4. Reading the Map of Your Career 101; 5. Roadblocks and Road Rage; 6. Sex on the Road; 7. The Driver Within; 8. Are We There Yet?; Epilogue; References; Index 330 $aGender battles still rage on most college and university campuses today. For eight years, Women in Higher Education has reported women's strategic advances in the academy. Its goal is to enlighten, encourage, empower, and enrage women administrators, faculty, and students in higher education.This book is a compendium of lively, hard-hitting articles from the successful newsletter. Its thematic sections blend serious commentary, research results, and practical advice with wry humor. Readers will find a broad view of recent progress as well as effective strategies from women who have changed the 410 0$aJossey-Bass higher and adult education series. 606 $aWomen college teachers$zUnited States 606 $aWomen$xEducation (Higher)$zUnited States 606 $aSex discrimination in education$zUnited States 608 $aElectronic books. 615 0$aWomen college teachers 615 0$aWomen$xEducation (Higher) 615 0$aSex discrimination in education 676 $a378/.0082 701 $aWenniger$b Mary Dee$f1944-$0932529 701 $aConroy$b Mary Helen$0932530 801 0$bMiAaPQ 801 1$bMiAaPQ 801 2$bMiAaPQ 906 $aBOOK 912 $a9910454822503321 996 $aGender equity or bust$92098454 997 $aUNINA LEADER 02954oam 2200685I 450 001 9910452900303321 005 20200520144314.0 010 $a1-280-87353-1 010 $a9786613714848 010 $a1-136-29982-3 010 $a1-136-29981-5 010 $a0-203-11660-7 024 7 $a10.4324/9780203116609 035 $a(CKB)2550000000104808 035 $a(EBL)982122 035 $a(OCoLC)798209393 035 $a(SSID)ssj0000690973 035 $a(PQKBManifestationID)12314516 035 $a(PQKBTitleCode)TC0000690973 035 $a(PQKBWorkID)10628486 035 $a(PQKB)11565438 035 $a(MiAaPQ)EBC982122 035 $a(Au-PeEL)EBL982122 035 $a(CaPaEBR)ebr10578116 035 $a(CaONFJC)MIL371484 035 $a(OCoLC)801405991 035 $a(EXLCZ)992550000000104808 100 $a20180706d2012 uy 0 101 0 $aeng 135 $aur|n|---||||| 181 $ctxt 182 $cc 183 $acr 200 00$aLife in post-communist Eastern Europe after EU membership $ehappy ever after? /$fedited by Donnacha O Beachain, Vera Sheridan and Sabina Stan 210 1$aNew York :$cRoutledge,$d2012. 215 $a1 online resource (257 p.) 225 1 $aRoutledge contemporary Russia and Eastern Europe series ;$v37 300 $aDescription based upon print version of record. 311 $a1-138-81573-X 311 $a0-415-68084-0 320 $aIncludes bibliographical references and index. 327 $aCover; Title; Copyright; Contents; List of illustrations; List of contributors; Foreword; Acknowledgements; Introduction; 1 Poland; 2 The Czech Republic; 3 Slovakia; 4 Hungary; 5 Slovenia; 6 Lithuania; 7 Latvia; 8 Estonia; 9 Romania; 10 Bulgaria; Conclusion; Index 330 $aThis book examines how membership of the European Union has affected life in the ten former communist countries of Eastern Europe that are now members of the European Union. For each country, political, economic and social changes are described and discussed, together with people's perceptions of the effects of EU membership. Overall, the book shows how the benefits of EU membership have differed between different countries, and how perceptions about the benefits also differ and have changed over time. 410 0$aRoutledge contemporary Russia and Eastern Europe series ;$v37. 606 $aPost-communism$zEurope, Eastern 607 $aEurope, Eastern$xHistory$y1989- 607 $aEurope, Eastern$xPolitics and government$y1989- 608 $aElectronic books. 615 0$aPost-communism 676 $a947.0009/0511 701 $aO Beachain$b Donnacha$0868093 701 $aSheridan$b Vera$0868094 701 $aStan$b Sabina$f1968-$0868095 801 0$bMiAaPQ 801 1$bMiAaPQ 801 2$bMiAaPQ 906 $aBOOK 912 $a9910452900303321 996 $aLife in post-communist Eastern Europe after EU membership$91937966 997 $aUNINA LEADER 02624nas 2200769-a 450 001 9910141472903321 005 20260218110357.0 011 $a1718-8598 035 $a(DE-599)ZDB2391942-5 035 $a(CKB)110975506071317 035 $a(CONSER)sn-91016264- 035 $a(DE-599)2391942-5 035 $a(EXLCZ)99110975506071317 100 $a19881115a19889999 --- b 101 0 $afre 181 $ctxt$2rdacontent 182 $cc$2rdamedia 183 $acr$2rdacarrier 200 00$aRevue des sciences de l'eau =$eJournal of water science /$fGroupement d'intérêt scientifique des sciences de l'eau 210 $aParis $cLavoisier Abonnements$d1988- 215 $a1 online resource 300 $aRefereed/Peer-reviewed 300 $aPublished: Paris, France : Lavoisier Abonnements ; Montreal, Québec, Canada : Association québécoise des techniques de léau, <1990-> 300 $aTitle from cover. 311 08$aPrint version: Revue des sciences de l'eau = 0992-7158 (DLC)sn 91016264 (OCoLC)18764874 517 3 $aJournal of water science 531 $aREVUE DES SCIENCES DE LEAU 531 $aREV SCI EAU J WATER SCI 531 $aREVUE DES SCIENCES DE LEAU JOURNAL OF WATER SCIENCE 531 $aREV SCI EAU 531 0 $aRev. sci. eau 606 $aWater-supply$vPeriodicals 606 $aWater$xPollution$vPeriodicals 606 $aWater$xAnalysis$vPeriodicals 606 $aWater$vPeriodicals 606 $aEau$vPériodiques 606 $aEau$xPollution$vPériodiques 606 $aEau$xAnalyse$vPériodiques 606 $aEau$xApprovisionnement$vPériodiques 606 $aWater$2fast$3(OCoLC)fst01171139 606 $aWater$xAnalysis$2fast$3(OCoLC)fst01171149 606 $aWater$xPollution$2fast$3(OCoLC)fst01171279 606 $aWater-supply$2fast$3(OCoLC)fst01172350 608 $aPeriodical. 608 $aperiodicals.$2aat 608 $aPeriodicals.$2fast 608 $aPeriodicals.$2lcgft 608 $aPériodiques.$2rvmgf 615 0$aWater-supply 615 0$aWater$xPollution 615 0$aWater$xAnalysis 615 0$aWater 615 6$aEau 615 6$aEau$xPollution 615 6$aEau$xAnalyse 615 6$aEau$xApprovisionnement 615 7$aWater. 615 7$aWater$xAnalysis. 615 7$aWater$xPollution. 615 7$aWater-supply. 712 02$aGroupement d'inte?re?t scientifique des sciences de l'eau (France) 712 02$aINRS-Eau. 906 $aJOURNAL 912 $a9910141472903321 920 $aexl_impl conversion 996 $aRevue des sciences de l'eau$92208872 997 $aUNINA